MARC

LEADER 00000nam0a2200000 4500
001 312212
005 20231102002449.0
035 |a (RuTPU)RU\TPU\book\337579 
090 |a 312212 
100 |a 20151218d1966 m y0rusy50 ca 
101 0 |a rus 
102 |a RU 
105 |a a j 001zy 
200 1 |a Экономика, организация и планирование радиотехнического производства  |e учебное пособие для техникумов  |f А. Л. Гордон, Л. С. Россиянский 
205 |a 2-е изд., перераб. и доп. 
210 |a Москва  |a Ленинград  |c Энергия  |d 1966 
215 |a 344 с.  |c ил. 
320 |a Библиогр.: с. 341. 
516 1 |a Экономика радиотехнического производства 
606 1 |a Радиотехническая промышленность, предприятия  |x Экономика  |2 stltpush  |3 (RuTPU)RU\TPU\subj\23214  |9 47848 
610 1 |a технический прогресс 
610 1 |a планирование 
610 1 |a концентрация 
610 1 |a специализация 
610 1 |a кооперирование 
610 1 |a основные фонды 
610 1 |a оборотные средства 
610 1 |a производственные процессы 
610 1 |a поточное производство 
610 1 |a себестоимость 
610 1 |a транспортные средства 
610 1 |a управление 
610 1 |a техническая подготовка 
610 1 |a конструкторская подготовка 
610 1 |a технический контроль 
610 1 |a заработная плата 
610 1 |a техническое нормирование 
610 1 |a диспетчирование 
610 1 |a учет 
610 1 |a дипломные проекты 
610 1 |a экономическое обоснование 
610 1 |a учебные пособия 
675 |a 621.396.6.002:658(075.32)  |v 4 
700 1 |a Гордон  |b А. Л.  |g Александр Львович 
701 1 |a Россиянский  |b Л. С.  |g Лев Савельевич 
801 1 |a RU  |b 63413507  |c 20151218 
801 2 |a RU  |b 63413507  |c 20151225  |g RCR 
942 |c BK